00263nam a22000977a 4500008004100000020002200041100002300063240005000086245002100136300000800157140514t xxu||||| |||| 00| 0 eng d a978-3-540-75156-4 aPatric J. Paddison aCurrent topics in microbiology and Immunology aRNA Interference a273